| 000 | 01337nam a2200241Ii 4500 | ||
|---|---|---|---|
| 003 | JO-AjNU | ||
| 005 | 20240626135732.0 | ||
| 008 | 230605s9999||||xx |||||||||||||| ||und|| | ||
| 040 |
_aJO-AjNU _bara _erda _cJO-AjNU |
||
| 041 | _aara | ||
| 050 | 1 | 4 | _aJX4434.2021 |
| 100 |
_aالحبابية، سيف الدين جميل محمد _eمعد _965712 |
||
| 245 | 0 | 0 |
_aالقانون الواجب التطبيق على حوادث السفن (دراسة مقارنة بين القانون الاردني والقانون البريطاني والمعاهدات الدولية)=Necessarily applied law on ship incidents (a comparative study between jordanian law, British law,and international treaties) _c/ اعداد سيف الدين جميل محمد الحبابية ؛ اشراف عبد الله ماجد العكايله |
| 264 | 3 | 1 | _a 2021 |
| 300 | _a91 ورقة | ||
| 336 |
_atext _btxt _2rdacontent |
||
| 337 |
_aunmediated _bn _2rdamedia |
||
| 338 |
_avolume _bnc _2rdacarrier |
||
| 500 | _aرسالة جامعية ( اطروحة ماجستير) جامعة عجلون الوطنية: كلية الحقوق ، قانون،2021 | ||
| 650 | 4 |
_aالقانون البحري- الاردن-بريطانيا- معاهدات دولية _961465 |
|
| 700 |
_aالعكايلة، عبدالله ماجد. _eمشرف _965299 |
||
| 942 |
_2lcc _cTHS |
||
| 999 |
_c31352 _d31352 |
||